ホロライブメンバーの誕生日 - Statistics

General Stats
  • This quiz has been taken 24 times
  • The average score is 26 of 70
Answer Stats
ヒント Answer % Correct
さくらみこ 3月5日
61%
猫又おかゆ 2月22日
56%
ワトソン・アメリア 1月6日
50%
モココ・アビスガード 2月2日
50%
星街すいせい 3月22日
50%
戌神ころね 10月1日
44%
白上フブキ 10月5日
44%
兎田ぺこら 1月12日
44%
癒月ちょこ 2月14日
44%
ときのそら 5月15日
44%
AZKi 7月1日
44%
ジジ・ムリン 10月18日
39%
セシリア・イマーグリーン 11月11日
39%
雪花ラミィ 11月15日
39%
白銀ノエル 11月24日
39%
百鬼あやめ 12月13日
39%
フワワ・アビスガード 2月1日
39%
ハコス・ベールズ 2月29日
39%
IRyS 3月7日
39%
エリザベス・ローズ・ブラッドフレイム 4月25日
39%
森カリオペ 4月4日
39%
響咲リオナ 5月29日
39%
夏色まつり 7月22日
39%
宝鐘マリン 7月30日
39%
輪堂千速 7月8日
39%
七詩ムメイ 8月4日
39%
クレイジー・オリー 10月13日
39%
アユンダ・リス 1月15日
39%
カエラ・コヴァルスキア 8月30日
39%
博衣こより 3月15日
39%
姫森ルーナ 10月10日
33%
ネリッサ・レイヴンクロフト 11月21日
33%
紫咲シオン 12月8日
33%
アキ・ローゼンタール 2月17日
33%
火威青 2月27日
33%
儒烏風亭らでん 2月4日
33%
オーロ・クロニー 3月14日
33%
古石ビジュー 4月14日
33%
不知火フレア 4月2日
33%
音乃瀬奏 4月20日
33%
天音かなた 4月22日
33%
ラオーラ・パンテーラ 5月11日
33%
一条莉々華 5月12日
33%
シオリ・ノヴェラ 5月2日
33%
一伊那尓栖 5月20日
33%
ロボ子さん 5月23日
33%
水宮枢 6月16日
33%
がうるぐら 6月20日
33%
角巻わため 6月6日
33%
轟はじめ 6月7日
33%
大空スバル 7月2日
33%
虎金妃笑虎 7月25日
33%
赤井はあと 8月10日
33%
大神ミオ 8月20日
33%
綺々羅々ヴィヴィ 8月27日
33%
常闇トワ 8月8日
33%
ベスティア・ゼータ 11月7日
33%
こぼ・かなえる 12月12日
33%
ムーナ・ホシノヴァ 2月15日
33%
アーニャ・メルフィッサ 3月12日
33%
桃鈴ねね 3月2日
33%
ラプラス・ダークネス 5月25日
33%
アイラニ・イオフィフティーン 7月15日
33%
小鳥遊キアラ 7月6日
33%
パヴォリア・レイネ 9月9日
33%
尾丸ポルカ 1月30日
33%
獅白ぼたん 9月8日
33%
鷹嶺ルイ 6月11日
33%
沙花叉クロヱ 5月18日
33%
風真いろは 6月18日
33%
No matching quizzes found
Score Distribution
Percent of People with Each Score
Percentile by Number Answered
Your Score History
You have not taken this quiz